000 009820000a22002650004500
999 _c45870
_d45870
001 19506
003 CO-MdFUSB
005 20180516120639.0
008 180516t1876 stk||||g |||| 00| 0 eng d
040 _aCO-MdFUSB
_bspa
_cCO-MdFUSB
_dCO-MdFUSB
_erda
041 _aeng
082 _224
_aG 220.15
_bR555m
100 1 _aRiehm, Edward
_eautor
245 1 0 _aMessianic prophecy
_b: Its origin, historical character and relation to New Testament Fulfillment
_c/ Edward Riehm
264 1 _aEdinburgh, Scotland :
_bT. & T. Clark,
_c℗1876
300 _a266 páginas
_b:
_c;
336 _2rdacontent
_atexto
_btxt
337 _2rdamedia
_asin mediación
_bn
338 _2rdacarrier
_avolumen
_bnc
505 0 _aEl origen de la profecía mesiánica -- El carácter histórico de la profecía del Mesías -- La relación del profeta mesiánico al cumplimiento del Nuevo Testamento
563 _aPasta dura
653 _aProfecías - Biblia
942 _cBK